lotniska topka 2019 swiat - Statystyki

Ogólne statystyki
  • Ten quiz został rozwiązany 39 razy
  • Średni wynik to 20 z 50
Statystyki odpowiedzi
Nazwa Pasażerowie IATA % Poprawnych
Hartsfield–Jackson Atlanta International Airport 110,531,300 ATL
82%
Istanbul Airport 52,578,008 IST
71%
Amsterdam Airport Schiphol 71,706,999 AMS
65%
Barcelona–El Prat Airport 52,686,314 BCN
65%
Charles de Gaulle Airport 76,150,007 CDG
65%
Frankfurt Airport 70,560,987 FRA
65%
London Heathrow Airport 80,844,310 LHR
65%
Madrid Barajas Airport 61,734,037 MAD
65%
Singapore Changi Airport 68,300,000 SIN
65%
Sydney Airport 44,443,927 SYD
65%
John F. Kennedy International Airport 62,551,072 JFK
59%
Los Angeles International Airport 88,068,013 LAX
59%
Miami International Airport 45,924,466 MIA
59%
Munich Airport 47,959,885 MUC
59%
Seattle-Tacoma International Airport 51,829,239 SEA
59%
Shanghai Hongqiao International Airport 45,637,882 SHA
59%
Indira Gandhi International Airport 68,490,731 DEL
53%
Denver International Airport 69,015,703 DEN
53%
London Gatwick Airport 46,574,786 LGW
53%
Phoenix Sky Harbor International Airport 46,288,337 PHX
53%
Dallas/Fort Worth International Airport 75,066,956 DFW
47%
Dubai International Airport 86,396,757 DXB
47%
Hong Kong International Airport 71,541,000 HKG
47%
McCarran International Airport 51,537,638 LAS
47%
Beijing Capital International Airport 100,011,000 PEK
47%
San Francisco International Airport 57,488,023 SFO
47%
Tokyo Haneda Airport 85,505,054 HND
41%
Narita International Airport 44,340,847 NRT
41%
Toronto Pearson International Airport 50,499,431 YYZ
41%
Kuala Lumpur International Airport 62,336,469 KUL
35%
O'Hare International Airport 84,397,776 ORD
35%
Suvarnabhumi Airport 65,424,697 BKK
29%
Newark Liberty International Airport 46,336,452 EWR
29%
Seoul Incheon International Airport 71,169,516 ICN
29%
Benito Juárez International Airport 50,308,049 MEX
24%
Shanghai Pudong International Airport 76,153,500 PVG
24%
Sheremetyevo International Airport 49,933,000 SVO
24%
George Bush Intercontinental Airport 45,264,059 IAH
18%
Taiwan Taoyuan International Airport 48,689,372 TPE
18%
Xi'an Xianyang International Airport 47,220,547 XIY
18%
Guangzhou Baiyun International Airport 73,378,475 CAN
12%
Charlotte Douglas International Airport 50,168,783 CLT
12%
Orlando International Airport 50,613,072 MCO
12%
Chhatrapati Shivaji Maharaj International Airport 47,055,740 BOM
6%
Soekarno–Hatta International Airport 54,496,625 CGK
6%
Chengdu Shuangliu International Airport 55,858,552 CTU
6%
Ninoy Aquino International Airport 47,898,046 MNL
6%
Chongqing Jiangbei International Airport 44,786,722 CKG
0%
Kunming Changshui International Airport 48,075,978 KMG
0%
Shenzhen Bao'an International Airport 52,931,925 SZX
0%
Nie znaleziono quizów pasujących do podanych kryteriów
Rozkład punktacji
Procent ludzi z każdym wynikiem
Percentyl według liczby udzielonych odpowiedzi
Twoja historia wyników
Nie rozwiązałeś tego quizu